المكتبات المدرسية الشاملة أو مراكز مصادر التعلم : (رقم التسجيلة. 123028)
[ عرض عادي ]
| 000 -الفاتح | |
|---|---|
| عناصر البيانات ثابتة الطول | 00726cam a2200193 i 4500 |
| 005 - تاريخ ووقت آخر معاملة | |
| حقل ضبط | 20251108174958.0 |
| 008 - عناصر البيانات ثابتة الطول | |
| عناصر البيانات ثابتة الطول | 250721s2010 xx gr 000 0 ara d |
| 082 14 - رقم تصنيف ديوي العشري | |
| رقم التصنيف | 027.8 |
| رقم المادة | م ح م |
| 100 1# - مدخل رئيسي – اسم شخصي | |
| الاسم الشخصي | محمد، هاني |
| 245 12 - بيان العنوان | |
| العنوان | المكتبات المدرسية الشاملة أو مراكز مصادر التعلم : |
| بقية العنوان | مرشد عملي / |
| بيان المسؤولية | الدكتور هاني محمد. |
| 250 ## - بيان الطبعة | |
| بيان الطبعة | الطبعة الاولى. |
| 264 ## - بيانات النشر، التوزيع…إلخ | |
| اسم الناشر، الموزع...إلخ | العلم والإيمان للنشر، |
| تاريخ النشر، التوزيع...إلخ | 2010. |
| 300 ## - الوصف المادي | |
| عدد الوحدات المكونة للوعاء | 255 صفحة. |
| 650 17 - مدخل إضافي بالموضوع - مصطلح موضوعي | |
| مصطلح موضوعي أو اسم جغرافي كعنصر مدخل | المكتبات المدرسية. |
| 650 17 - مدخل إضافي بالموضوع - مصطلح موضوعي | |
| مصطلح موضوعي أو اسم جغرافي كعنصر مدخل | خدمات المكتبة. |
| 650 17 - مدخل إضافي بالموضوع - مصطلح موضوعي | |
| مصطلح موضوعي أو اسم جغرافي كعنصر مدخل | نشاطات المكتبة الموسعة. |
| 942 ## - بيانات إضافية (كوها) | |
| نوع التنصيف | Dewey Decimal Classification |
| نوع المادة (كوها) | كتب |
| حالة السحب | حالة الفقدان | مصدر التصنيف | حالة التلف | غير قابل للإعارة | المكتبة الرئيسية | المكتبة الحالية | موقع الرف | تاريخ التزويد | الرقم المتسلسل | Total Checkouts | رقم الإستدعاء | الباركود | تاريخ آخر ظهور | تاريخ الفاتورة | نوع المادة (كوها) |
|---|---|---|---|---|---|---|---|---|---|---|---|---|---|---|---|
| Dewey Decimal Classification | المكتبة المركزية | المكتبة المركزية | الإعارة | 28/07/2025 | 1436316 | 027.8 / م ح م | PLD00196230 | 28/07/2025 | 28/07/2025 | كتب | |||||
| Dewey Decimal Classification | مكتبة الأميرة ايمان العامة | مكتبة الأميرة ايمان العامة | الإعارة | 06/03/2011 | 1436318 | 027.8/محم | PLD00196316 | 28/07/2025 | 06/03/2011 | كتب | |||||
| Dewey Decimal Classification | مكتبة الاميرة بديعة | مكتبة الاميرة بديعة | الإعارة | 06/03/2011 | 1436319 | 027.8/محم | PLD00196317 | 28/07/2025 | 06/03/2011 | كتب | |||||
| Dewey Decimal Classification | مكتبة صويلح العامة | مكتبة صويلح العامة | الإعارة | 06/03/2011 | 1436317 | 027.8/محم | PLD00196310 | 28/07/2025 | 06/03/2011 | كتب |